00877nam a2200253 i 450000100060000000300090000600500170001500700030003200800410003508000400007608000420011608000370015810000170019524500540021226000410026630000220030749000230032950000340035260000370038660000580042360000340048183000230051585200850053837502ES-MaACL20231106213238.0t|030311q1921 sp ||||1| spa d a929 Ercilla y Zúñida, Alonso de a929 Núñez Cabeza de Vaca, Álvar a929 Martínez de Irala, Domingo1 aCola, Julio.10aErcilla, Álvar Núñez, Irala / cJulio Cola. aMadrid : bAmbos Mundos, cca. 1921. a111 p. ; c17 cm.1 aFiguras de la raza aTít. tomado de la cubierta.14aErcilla y Zúñiga, Alonso de.14aNúñez Cabeza de Vaca, Álvar,dca. 1495-ca. 156014aMartínez de Irala, Domingo.1 aFiguras de la raza4 aES-MaACLj1650-F-11 z- Dedicatoria autógrafa del autor, fechada en 1921